000 00957nam a22002657a 4500
003 DO-SdBNP
005 20260420170825.0
007 ta
008 210513e2015 dr ||||gr|||| 001 0dspa d
020 _a5800114880568
040 _aDO-SdBNP
_bspa
_cBNPHU
041 _hspa
082 4 _a340
_bA473e
_222
100 _aArvelo, Genaro
_d1954-
_937157
245 1 0 _aEl derecho como instrumento de dominación en la sociedad clasista /
_cAlberto Álvarez ; prólogo: Félix F. Estévez Saint-Hilaire.
260 _aSantiago de los Caballeros, República Dominicana :
_bUASD,
_c2015.
300 _a191 p. ;
_c23 cm.
504 _aBibliografía: p. 185-191
590 _aInventariado, 2021/MFF
590 _aLa biblioteca posee 1 ejemplar autografiado por el autor
650 0 _aJurisprudencia sociológica
_94071
700 1 _958328
_aEstévez Saint-Hilaire, Félix Francisco,
_eprólogo
910 _aValidado. Control de calidad MFF
942 _2ddc
_cLBS1
999 _c49812
_d49812